Pride Parades Around The World Quiz Stats

 Plays Quiz Updated Jun 28, 2019

Score 0/16 Timer 03:00
3 Plays Today
% Correct
Canada
98.9%
France
98.5%
China
95.1%
Israel
94.8%
Italy
93.5%
United Kingdom
92.3%
Japan
92.2%
Sweden
91%
% Correct
India
90%
Germany
89.7%
United States
87.1%
Turkey
80.2%
Argentina
77.8%
Netherlands
74.3%
Cuba
71.8%
Uganda
56.1%

You're not logged in!

Compare scores with friends on all Sporcle quizzes.
OR
Log In

Sporcle TV

Today on Sporcle TV


Watch our educational content, quiz creation guides, and fun videos on Sporcle TV.

Show Comments

Extras

Top Quizzes Today


Score Distribution

Your Account Isn't Verified!

In order to create a playlist on Sporcle, you need to verify the email address you used during registration. Go to your Sporcle Settings to finish the process.

Report this User

Report this user for behavior that violates our Community Guidelines.

Details: